Szczegóły MARC21

Dichte[r] Texte : Gesterns Unterwegs : Aufzeichnungen November 1987 bis Juli 1990 /

001 -Numer kontrolny rekordu [,]
    • @
    • pole kontrolne
    • xx005493677
003 -Nazwa instytucji [,]
    • @
    • pole kontrolne
    • NUKAT
005 -Data i czas ostatniej zmiany [,]
    • @
    • Data ostatniej zmiany
    • 20241231112439.0
007 -Forma fizyczna dokumentu dźwiękowego [,]
    • @
    • Forma fizyczna dokumentu dźwiękowego
    • sd fsngnn|||ed
008 -Pole stałej długości [,]
    • @
    • pole
    • 230126s2006 gw nnnng f n ger c
020 -Międzynarodowy znormalizowany numer książki - ISBN [ , ]
    • a
    • Numer ISBN
    • 345530480X Find
020 -Międzynarodowy znormalizowany numer książki - ISBN [ , ]
    • a
    • Numer ISBN
    • 9783455304800 Find
035 -Inne numery kontrolne [ , ]
    • a
    • Numer kontrolny
    • (OCoLC)1369089533
040 -Instytucja sporządzająca opis [ , ]
    • c
    • Instytucja, która sporządziła rekord (NP)
    • SZCZ U/KPs
920 -ISBN [ , ]
    • a
    • ISBN
    • 3-455-30480-X Find
920 -ISBN [ , ]
    • a
    • ISBN
    • 978-3-455-30480-0 Find
942 -Rodzaj dokumentu [ , ]
    • c
    • Rodzaj dokumentu
    • Dokument Dźwiękowy - płyta
100 -Hasło główne - nazwa osobowa [1, ]
    • a
    • Nazwa osobowa (NP)
    • Handke, Peter
    • d
    • Daty biograficzne (NP)
    • (1942- ).
    • e
    • RRodzaj współpracy
    • Autor
    • e
    • RRodzaj współpracy
    • Wykonanie
240 -Tytuł ujednolicony [1,0]
    • a
    • Tytuł ujednolicony (NP)
    • Gestern unterwegs
    • l
    • Język tekstu (NP)
    • (niem.)
245 -Strefa tytułu i oznaczenia odpowiedzialności [1,0]
    • a
    • Tytuł
    • Dichte[r] Texte :
    • b
    • Ciąg dalszy tytułu (NP)
    • Gesterns Unterwegs : Aufzeichnungen November 1987 bis Juli 1990 /
    • c
    • Pozostałe elementy strefy tytułu i oznaczenia odpowiedzialności (NP)
    • Peter Handke mit Peter Handke.
260 -Strefa adresu wydawniczego [ , ]
    • a
    • Miejsce wydania (P)
    • Hamburg :
    • b
    • Nazwa wydawcy (P)
    • Hoffmann und Campe,
    • c
    • Data wydania (P)
    • copyright 2006.
300 -Strefa opisu fizycznego [ , ]
    • a
    • Określenie formy książki i/lub objętość (NP)
    • 4 płyty CD (3 godz. 52 min) :
    • b
    • Inne szczegóły opisu fizycznego (NP)
    • digital, stereo ;
    • c
    • Format (NP)
    • 12 cm +
    • e
    • Oznaczenie dokumentu towarzyszącego (NP)
    • broszura : [14] stron ; 12x12 cm.
306 -Czas nagrania [ , ]
    • a
    • Czas nagrania
    • 035200
336 -Typ zawartości [ , ]
    • a
    • Termin określający typ nośnika
    • Słowo mówione
    • b
    • Kod określający zawartość
    • spw
    • 2
    • Źródło (termin i kod)
    • rdacontent
337 -Typ mediów [ , ]
    • a
    • Tryb odtwarzania
    • Audio
    • b
    • Kod typu nośnika
    • s
    • 2
    • Źródło (termin i kod)
    • rdamedia
338 -Typ/rodzaj nośnika [ , ]
    • a
    • Hasło opisujące typ nośnika
    • Płyta audio
    • b
    • Kod typu nośnika
    • sd
    • 2
    • Źródło (termin i kod)
    • rdacarrier
500 -Uwaga ogólna [ , ]
    • a
    • Uwaga ogólna (NP)
    • Miejsce wydania według siedziby wydawcy.
655 -Hasło przedmiotowe - forma [ ,7]
    • a
    • Określenie rzeczowe
    • Poezja austriacka
    • y
    • Określnik chronologiczny
    • 1970-2000.
710 -Hasło dodatkowe - nazwa ciała zbiorowego [2, ]
    • a
    • Nazwa ciała zbiorowego lub nazwa geograficzna jako pierwszy element (NP)
    • Hoffmann und Campe Verlag.
    • e
    • Rodzaj współpracy
    • Wydawca
    • 9
    • KHW
    • 69541
Akcesja Status udostępniania Sygnatura Data wprowadzenia opisu Kod kreskowy Sposób nabycia Kierowanie Data inwentaryzacji Numer inwentarzowy Cena
22d090/4-3Germ. Audiobooki 672022-02-022005020030011dBM2023-02-14Ad.300110.00